00245pam a2200133 a 4500020000500000041000500005100001800010245002400028250000900052260000900061300000800070653001400078700001900092 c h aK. M. Gokhale aInorganic Chemistry aIInd c1999 a141 achemistry aD. B. Kulkarni